Cuida les platges i cuida't tu [ventall]

Publicado: [Barcelona] : Diputació de Barcelona , 2022
Descripción Física: 1 ventall ; il·lustracions ; 29 x 28 cm
Materias: Ventalls
Idioma: Catalán

MARC

LEADER 00000nrm a22000007a 4500
001 27657
003 Arxiu
005 20260324181158.0
008 230404b spa||||| |||| 00| 0 cat d
040 |a agdb  |b cat 
245 |a Cuida les platges i cuida't tu [ventall] 
260 |a [Barcelona] :   |b Diputació de Barcelona ;   |c [2022] 
300 |a 1 ventall ;   |b il·lustracions ;   |c 29 x 28 cm 
500 |a A la part posterior hi ha les recomanacions sobre el bany i l'exposició al sol 
655 0 |9 52933  |a Ventalls 
710 |9 52202  |a Barcelona (Catalunya : Província).   |b Servei de Salut Pública 
942 |2 udc  |c ARXIU  |n 1 
952 |0 0  |1 0  |2 udc  |4 0  |6 NBM16199  |7 1  |9 65954  |a Arxiu  |b Arxiu  |d 2023-04-04  |l 0  |o NBM-16-199  |p 27657  |r 2023-04-04 00:00:00  |w 2023-04-04  |y ARXIU 
999 |c 83317  |d 83317